000 00446nam a2200169Ia 4500
008 221030s9999 xx 000 0 und d
020 _a8131725221
041 _aEnglish
100 _aP. J. Deitel
245 0 _aInternet & World Wide Web - How To Program
_cby P. J. Deitel, H. M. Deitel
250 _a4th
260 _bPearson Edcuation
_aNew Delhi
_c2009
300 _a1329
650 _aBB Computer
700 _aH. M. Deitel
942 _cBK
999 _c15379
_d15379